Minecraft Loot: Stronghold Library - Statistics

General Stats
  • This quiz has been taken 10 times
  • The average score is 4 of 6
Answer Stats
Pool Item Stack Size Weight % Correct
Pool 1(2-10) Enchanted Book 1 19%
100%
Pool 1(2-10) Book 1-3 38%
89%
Pool 2(1) Eye Armor Trim 1 100%
78%
Pool 1(2-10) Paper 2-7 38%
78%
Pool 1(2-10) Compass 1 1.9%
56%
Pool 1(2-10) Empty Map 1 1.9%
22%
No matching quizzes found
Score Distribution
Percent of People with Each Score
Percentile by Number Answered
Your Score History
You have not taken this quiz